[Event "WJCC U20 Girls 2019"]
[Site "New Delhi"]
[Date "2019.10.17"]
[Round "3.10"]
[White "Narva, Mai"]
[Black "Olde, Margareth"]
[Result "1/2-1/2"]
[WhiteElo "2378"]
[BlackElo "2205"]
[Annotator "TA"]
[PlyCount "86"]
[EventDate "2019.10.15"]
[EventType "swiss"]
[EventCountry "IND"]
[SourceTitle "playchess.com"]
[Source "ChessBase"]
[SourceQuality "1"]

{[%evp 21,86,27,21,19,21,20,25,-9,-4,0,0,0,0,-14,0,-5,0,-9,-7,-8,-6,-9,-8,-18,0,-39,-20,-160,-154,-145,-65,-72,0,-17,-6,-30,0,0,0,0,0,-33,-30,-18,-33,-26,-26,-119,-40,-89,0,0,0,0,0,0,0,-70,-63,-63,0,0,0,-57,1,0,0]} 1. e4 e5 2. Nf3 Nc6 3. Bb5 a6 4. Ba4 Nf6 5. O-O Be7 6. Re1 b5 7. Bb3 d6 8. c3 O-O 9. h3 Nb8 10. d4 Nbd7 11. Nbd2 {[%cal Bb1d2,Bd2f1,Bf1g3][%mdl 32]} c5 12. Nf1 {C95: Closed Ruy Lopez: Breyer Variation with 10 d4} Re8 13. Ng3 Bf8 14. Bc2 {White has an edge.} (14. a4 {seems wilder.} Bb7 15. d5 c4 16. Bc2 g6 17. Be3) (14. a4 Rb8 15. d5 c4 16. Bc2 g6 17. axb5 axb5 18. Be3 Qc7 19. Qd2 Nc5 {0-1 (90) Narva,M (2358)-Olde,M (2122) Helsinki 2019}) 14... cxd4 15. cxd4 exd4 16. Nxd4 d5 17. exd5 Rxe1+ 18. Qxe1 Bb7 19. Ngf5 Bxd5 {[#]} 20. Bf4 $146 Qb6 $36 {[%mdl 2048] Strongly threatening ...g6. Black is pushing.} 21. Qd2 Ne4 22. Qd3 Ndf6 23. Re1 Rd8 24. Be5 (24. Be3 $11) 24... g6 $17 25. Ne3 Ba8 (25... Bxa2 $17 26. Ra1 Be6) 26. Rd1 $1 $15 Bd6 (26... Qc5 $17 27. Bxf6 Nxf6) 27. Nb3 Rd7 28. Bd4 Qc6 29. Qe2 Bf4 30. Bxe4 Nxe4 31. Rc1 Qd6 32. Rc8+ Rd8 33. Rxd8+ Qxd8 34. Qf3 {[#]} (34. Nc2 $11 {remains equal.}) 34... Bg5 ({Better is} 34... Nc3 $1 $17 {[%mdl 512]} 35. Qg4 (35. bxc3 Bxf3) 35... h5) 35. Ng4 Nd2 (35... f5 $17 36. Ne5 a5) 36. Qc3 $11 Nxb3 37. axb3 Qd5 {[%csl Ga8][%cal Rd5g2]} 38. Qc8+ Qd8 39. Nh6+ (39. Qxa6 $11 Bxg2 40. Bf6 Bxf6 41. Nxf6+ Kg7 42. Kxg2 Qxf6 43. Qxb5) 39... Kf8 $1 $15 40. Qc5+ Qe7 (40... Be7 $1 $15 41. Qe5 f6) 41. Qc8+ (41. Qc3 $11 b4 42. Bg7+ Ke8 43. Qg3 (43. Qc8+ Qd8 $15)) 41... Qd8 42. Qc5+ Qe7 (42... Be7 $1 $15 43. Qc3 (43. Qe5 f6 $15) 43... f6) 43. Qc8+ Qd8 {Accuracy: White = 48%, Black = 50%.} 1/2-1/2

[Event "WJCC U20 Girls 2019"]
[Site "New Delhi"]
[Date "2019.10.17"]
[Round "3.11"]
[White "Divya Deshmukh"]
[Black "Harshita Guddanti"]
[Result "1-0"]
[WhiteElo "2358"]
[BlackElo "2123"]
[Annotator "ChessBase"]
[PlyCount "79"]
[EventDate "2019.10.15"]
[EventType "swiss"]
[EventCountry "IND"]
[SourceTitle "playchess.com"]
[Source "ChessBase"]
[SourceQuality "1"]
[TimeControl "40/5400+30:1800+30"]

1. d4 {[%emt 0:00:00]} Nf6 {[%emt 0:00:04]} 2. Bg5 {[%emt 0:00:00]} d5 {[%emt 0:00:20]} 3. e3 {[%emt 0:00:00]} c5 {[%emt 0:00:06]} 4. Bxf6 {[%emt 0:00:08]} gxf6 {[%emt 0:00:08]} 5. Nc3 {[%emt 0:00:04]} e6 {[%emt 0:00:17]} 6. Qh5 {[%emt 0:00:17]} cxd4 {[%emt 0:09:31]} 7. exd4 {[%emt 0:00:16]} Nc6 {[%emt 0:02:45]} 8. Nf3 {[%emt 0:01:57]} Qb6 {[%emt 0:08:14]} 9. Bb5 {[%emt 0:05:09]} Bb4 {[%emt 0:10:59]} 10. O-O {[%emt 0:04:38]} Bd7 {[%emt 0:04:25]} 11. Bxc6 {[%emt 0:04:31]} Qxc6 {[%emt 0:02:09]} 12. a3 {[%emt 0:08:18]} Be7 {[%emt 0:13:51]} 13. Rfe1 {[%emt 0:05:55]} Qd6 {[%emt 0:05:41]} 14. a4 {[%emt 0:04:01]} a6 {[%emt 0:02:12]} 15. Re3 {[%emt 0:13:43]} O-O-O {[%emt 0:03:21]} 16. Qxf7 {[%emt 0:00:59]} Rdf8 {[%emt 0:01:08]} 17. Qh5 {[%emt 0:00:06]} Rfg8 {[%emt 0:05:28]} 18. Ne2 {[%emt 0:10:11]} Rg6 {[%emt 0:05:18]} 19. g3 {[%emt 0:12:12]} Kb8 {[%emt 0:07:10]} 20. Kh1 {[%emt 0:05:36]} Be8 {[%emt 0:03:33]} 21. Qh3 {[%emt 0:02:13]} Bd7 {[%emt 0:00:33]} 22. Qf1 {[%emt 0:01:46]} h5 {[%emt 0:01:05]} 23. Nf4 {[%emt 0:07:26]} Rg4 {[%emt 0:02:53]} 24. Ng2 {[%emt 0:03:27]} h4 {[%emt 0:02:50]} 25. Ngxh4 {[%emt 0:01:12]} Rg7 {[%emt 0:04:02]} 26. Ng2 {[%emt 0:01:17]} Rgh7 {[%emt 0:00:47]} 27. h4 {[%emt 0:01:46]} e5 {[%emt 0:03:28]} 28. dxe5 {[%emt 0:01:22]} fxe5 {[%emt 0:00:04]} 29. Nxe5 {[%emt 0:00:02]} Bh3 {[%emt 0:00:58]} 30. Qe2 {[%emt 0:02:27]} Bg5 {[%emt 0:00:50]} 31. Nf7 {[%emt 0:00:53]} Rxf7 {[%emt 0:00:46]} 32. Re8+ {[%emt 0:00:01]} Rxe8 {[%emt 0:00:32]} 33. Qxe8+ {[%emt 0:00:01]} Ka7 {[%emt 0:00:22]} 34. Qxf7 {[%emt 0:00:06]} Bf6 {[%emt 0:00:15]} 35. Kh2 {[%emt 0:03:31]} Bf5 {[%emt 0:00:07]} 36. c3 {[%emt 0:01:35]} Be4 {[%emt 0:00:13]} 37. Rd1 {[%emt 0:00:38]} Qb6 {[%emt 0:00:04]} 38. Rd2 {[%emt 0:00:08]} d4 {[%emt 0:00:18]} 39. cxd4 {[%emt 0:00:12]} Bxd4 {[%emt 0:00:04]} 40. Qf4 {[%emt 0:00:19]} 1-0

[Event "WJCC U20 Girls 2019"]
[Site "New Delhi"]
[Date "2019.10.17"]
[Round "3.12"]
[White "Antova, Gabriela"]
[Black "Blazeka, Mihaela"]
[Result "1-0"]
[WhiteElo "2318"]
[BlackElo "2109"]
[Annotator "TA"]
[PlyCount "119"]
[EventDate "2019.10.15"]
[EventType "swiss"]
[EventCountry "IND"]
[SourceTitle "playchess.com"]
[Source "ChessBase"]
[SourceQuality "1"]

{[%evp 22,119,14,17,31,15,12,13,17,0,0,0,16,16,23,11,18,14,45,56,56,54,37,56,68,0,77,62,75,77,79,77,87,0,0,0,0,0,0,0,0,0,87,87,87,79,79,79,115,115,115,116,102,108,193,191,185,185,183,183,149,150,477,506,434,419,508,507,504,311,472,326,565,509,766,752,742,743,697,704,555,658,647,643,577,579,1045,766,1449,850,1126,1095,29936,12568,12845,6251,12800,6147,5110,2420]} 1. d4 Nf6 2. c4 e6 3. Nf3 b6 4. g3 Bb7 5. Bg2 Be7 6. O-O O-O 7. Nc3 Ne4 8. Bd2 d6 9. d5 Nxc3 10. Bxc3 Bf6 11. Rc1 Bxc3 12. Rxc3 Qe7 $146 {E18: Queen's Indian: Old Main Line (4 g3 Bb7 5 Bg2 Be7 6 0-0 0-0 7 Nc3)} ({Predecessor:} 12... e5 13. e4 a5 14. Nd2 Nd7 15. f4 Qe7 16. Nf3 f6 17. Re1 Nc5 18. Rce3 Bc8 19. Qc2 Bd7 20. b3 Rfb8 21. a3 b5 22. cxb5 Rxb5 {1-0 (55) Nakamura,H (2785)-Anton Guijarro,D (2650) Caleta 2017}) 13. Re1 Nd7 14. e4 e5 {The position is equal.} 15. Qb1 a5 16. b3 g6 17. a3 Rfb8 18. Rec1 Nc5 19. b4 Na6 20. Ne1 Bc8 21. Nd3 Bd7 22. Qc2 Qe8 23. f4 (23. Qd2 $14) 23... f6 (23... exf4 $11 24. gxf4 Qf8) 24. Qf2 Qe7 25. Rb3 Kg7 26. Rcb1 Qd8 27. bxa5 (27. R3b2 $16) 27... bxa5 $11 28. c5 Rxb3 29. Rxb3 Rb8 30. Qb2 Rxb3 31. Qxb3 Qb8 (31... Nxc5 $11 {keeps the balance.} 32. Nxc5 dxc5) 32. Qxb8 $16 Nxb8 33. cxd6 cxd6 {[%mdl 4096] Endgame KBN-KBN} 34. Nb2 $1 Bb5 35. Bf1 Bxf1 36. Kxf1 {KN-KN} Nd7 37. Nc4 {[%mdl 64] Double Attack} Nc5 (37... f5 $16) 38. Nxd6 $18 Kf8 {[#]} 39. fxe5 $1 fxe5 {[#]} 40. Nc4 $1 Nxe4 41. Nxa5 ({Resist} 41. Nxe5 Nc3 $16) 41... Nd2+ $2 (41... Nc3 $16 {is a better chance.} 42. Nc6 Nxd5) 42. Ke2 Nb1 43. Nc4 Nc3+ 44. Kd3 Nxd5 45. Nxe5 Ke7 (45... Nb6 {is a better defense.} 46. Kd4 Na4) 46. Kd4 Ke6 $2 (46... Nb6 {was necessary.} 47. Kc5 Na4+ 48. Kc6 Nb2) 47. a4 Nc7 (47... Ne7 $142 48. a5 Kd6) 48. Nd3 Kd6 49. Nc5 Kc6 50. Ne4 Nd5 51. Ng5 Nf6 52. h3 h6 53. Ne4 Nd5 54. Ke5 Ne3 55. Kf6 Kd5 56. Nf2 Nf5 57. Nh1 Ke4 {White is clearly winning.} 58. Kxg6 Nd4 59. Kxh6 (59. g4 $142 Kd5 60. Kxh6) 59... Kf3 60. g4 {Accuracy: White = 77%, Black = 29%.} 1-0

[Event "WJCC U20 Girls 2019"]
[Site "New Delhi"]
[Date "2019.10.17"]
[Round "3.13"]
[White "Solozhenkina, Elizaveta"]
[Black "Ferkova, Dominika"]
[Result "1-0"]
[WhiteElo "2283"]
[BlackElo "2096"]
[Annotator "ChessBase"]
[PlyCount "47"]
[EventDate "2019.10.15"]
[EventType "swiss"]
[EventCountry "IND"]
[SourceTitle "playchess.com"]
[Source "ChessBase"]
[SourceQuality "1"]
[TimeControl "40/5400+30:1800+30"]

1. e4 {[%emt 0:00:00]} c6 {[%emt 0:00:00]} 2. d4 {[%emt 0:00:00]} d5 {[%emt 0:00:00]} 3. e5 {[%emt 0:00:00]} Bf5 {[%emt 0:00:00]} 4. Nf3 {[%emt 0:00:08]} e6 {[%emt 0:00:35]} 5. Be2 {[%emt 0:00:19]} c5 {[%emt 0:02:46]} 6. Be3 {[%emt 0:00:31]} Nc6 {[%emt 0:01:46]} 7. dxc5 {[%emt 0:10:36]} Qc7 {[%emt 0:08:32]} 8. Na3 {[%emt 0:08:20]} a6 {[%emt 0:14:50]} 9. c3 {[%emt 0:02:17]} Nge7 {[%emt 0:10:21]} 10. Qa4 {[%emt 0:03:16]} Rc8 {[%emt 0:17:53]} 11. b4 {[%emt 0:25:56]} Ng6 {[%emt 0:02:44]} 12. Nd4 {[%emt 0:12:00]} Qxe5 {[%emt 0:13:38]} 13. O-O {[%emt 0:01:01]} Be7 {[%emt 0:05:40]} 14. Bxa6 {[%emt 0:13:12]} O-O {[%emt 0:04:35]} 15. Bxb7 {[%emt 0:02:33]} Nxd4 {[%emt 0:01:18]} 16. cxd4 {[%emt 0:08:45]} Qe4 {[%emt 0:00:28]} 17. Rfe1 {[%emt 0:00:04]} Rb8 {[%emt 0:04:50]} 18. Bc6 {[%emt 0:04:48]} Bd8 {[%emt 0:01:55]} 19. Nb5 {[%emt 0:01:12]} Rxb5 {[%emt 0:04:02]} 20. Bxb5 {[%emt 0:00:36]} Bc7 {[%emt 0:00:50]} 21. Bf1 {[%emt 0:01:03]} Qh4 {[%emt 0:01:31]} 22. g3 {[%emt 0:00:39]} Qh5 {[%emt 0:00:07]} 23. Qd1 {[%emt 0:00:12]} Bg4 {[%emt 0:00:40]} 24. Be2 {[%emt 0:00:04]} 1-0

[Event "WJCC U20 Girls 2019"]
[Site "New Delhi"]
[Date "2019.10.17"]
[Round "3.14"]
[White "Tsotsonava, Elene"]
[Black "Vantika Agrawal"]
[Result "*"]
[WhiteElo "1905"]
[BlackElo "2283"]
[Annotator "ChessBase"]
[PlyCount "29"]
[EventDate "2019.10.15"]
[EventType "swiss"]
[EventCountry "IND"]
[SourceTitle "playchess.com"]
[Source "ChessBase"]
[SourceQuality "1"]
[TimeControl "40/5400+30:1800+30"]

1. e4 {[%emt 0:00:00]} c5 {[%emt 0:00:28]} 2. Nf3 {[%emt 0:00:00]} d6 {[%emt 0:00:11]} 3. d4 {[%emt 0:00:00]} cxd4 {[%emt 0:00:09]} 4. Nxd4 {[%emt 0:00:04]} Nf6 {[%emt 0:00:05]} 5. Nc3 {[%emt 0:00:07]} a6 {[%emt 0:00:04]} 6. Bg5 {[%emt 0:00:16]} e6 {[%emt 0:00:36]} 7. f4 {[%emt 0:00:12]} h6 {[%emt 0:00:11]} 8. Bh4 {[%emt 0:04:50]} Qb6 {[%emt 0:00:09]} 9. Qd2 {[%emt 0:03:16]} Qxb2 {[%emt 0:01:18]} 10. Rb1 {[%emt 0:00:08]} Qa3 {[%emt 0:00:06]} 11. f5 {[%emt 0:00:15]} Be7 {[%emt 0:22:04]} 12. fxe6 {[%emt 0:06:55]} Bxe6 {[%emt 0:04:01]} 13. Rb2 b6 14. Rxb6 {[%emt 0:07:00]} Nbd7 {[%emt 0:04:15]} 15. Rb7 {[%emt 0:12:12]} *

[Event "WJCC U20 Girls 2019"]
[Site "New Delhi"]
[Date "2019.10.17"]
[Round "3.14"]
[White "Tsotsonava, Elene"]
[Black "Vantika Agrawal"]
[Result "0-1"]
[WhiteElo "1905"]
[BlackElo "2283"]
[Annotator "ChessBase"]
[PlyCount "68"]
[EventDate "2019.10.15"]
[EventType "swiss"]
[EventCountry "IND"]
[SourceTitle "playchess.com"]
[Source "ChessBase"]
[SourceQuality "1"]
[TimeControl "40/5400+30:1800+30"]

1. e4 {[%emt 0:00:00]} c5 {[%emt 0:00:28]} 2. Nf3 {[%emt 0:00:00]} d6 {[%emt 0:00:11]} 3. d4 {[%emt 0:00:00]} cxd4 {[%emt 0:00:09]} 4. Nxd4 {[%emt 0:00:04]} Nf6 {[%emt 0:00:05]} 5. Nc3 {[%emt 0:00:07]} a6 {[%emt 0:00:04]} 6. Bg5 {[%emt 0:00:16]} e6 {[%emt 0:00:36]} 7. f4 {[%emt 0:00:12]} h6 {[%emt 0:00:11]} 8. Bh4 {[%emt 0:04:50]} Qb6 {[%emt 0:00:09]} 9. Qd2 {[%emt 0:03:16]} Qxb2 {[%emt 0:01:18]} 10. Rb1 {[%emt 0:00:08]} Qa3 {[%emt 0:00:06]} 11. f5 {[%emt 0:00:15]} Be7 {[%emt 0:22:04]} 12. fxe6 {[%emt 0:06:55]} Bxe6 {[%emt 0:04:01]} 13. Rxb7 {[%emt 0:06:30]} Nbd7 14. Nxe6 {[%emt 0:12:12]} fxe6 {[%emt 0:04:34]} 15. Bc4 {[%emt 0:00:43]} Nc5 {[%emt 0:12:33]} 16. Rc7 {[%emt 0:09:08]} Kd8 {[%emt 0:39:13]} 17. Bxf6 {[%emt 0:08:57]} gxf6 {[%emt 0:01:04]} 18. Rc6 {[%emt 0:00:52]} Qb4 {[%emt 0:04:51]} 19. Qd4 {[%emt 0:16:22]} e5 {[%emt 0:04:56]} 20. Rxd6+ {[%emt 0:00:28]} Kc7 {[%emt 0:00:40]} 21. Qd2 {[%emt 0:09:58]} Qxc4 {[%emt 0:00:09]} 22. Nd5+ {[%emt 0:00:06]} Kxd6 {[%emt 0:00:20]} 23. Ne3+ {[%emt 0:00:50]} Nd3+ {[%emt 0:00:32]} 24. cxd3 {[%emt 0:00:18]} Qc5 {[%emt 0:01:06]} 25. Ke2 {[%emt 0:02:44]} Rac8 26. Nc4+ {[%emt 0:00:36]} Ke6 {[%emt 0:01:16]} 27. Rb1 {[%emt 0:01:01]} Qd4 {[%emt 0:00:51]} 28. Qa5 {[%emt 0:02:32]} Rhd8 {[%emt 0:00:49]} 29. Qxa6+ {[%emt 0:01:25]} Kf7 {[%emt 0:00:05]} 30. Ne3 {[%emt 0:01:01]} Ra8 {[%emt 0:01:15]} 31. Qb7 {[%emt 0:02:40]} Qxd3+ {[%emt 0:00:23]} 32. Kf3 {[%emt 0:00:28]} Rxa2 {[%emt 0:00:32]} 33. Rb3 {[%emt 0:01:29]} Qe2+ {[%emt 0:00:05]} 34. Kg3 {[%emt 0:00:04]} Rg8+ {[%emt 0:01:02]} 0-1

[Event "WJCC U20 Girls 2019"]
[Site "New Delhi"]
[Date "2019.10.17"]
[Round "3.15"]
[White "Yakubbaeva, Nilufar"]
[Black "Gomez Barrera, Javiera Belen"]
[Result "1/2-1/2"]
[WhiteElo "2281"]
[BlackElo "2033"]
[Annotator "TA"]
[PlyCount "109"]
[EventDate "2019.10.15"]
[EventType "swiss"]
[EventCountry "IND"]
[SourceTitle "playchess.com"]
[Source "ChessBase"]
[SourceQuality "1"]

{[%evp 9,109,2,19,8,16,-12,6,-105,-27,-41,-35,-23,-29,-34,-37,-44,-37,-46,-50,-62,-72,-66,-60,-67,-52,-174,-106,-91,-87,-97,-95,-120,-64,-170,-147,-173,-156,-147,-109,-112,-54,-52,-45,-49,-56,-58,-58,-64,-40,-114,-118,-133,-132,-126,-93,-134,-39,-43,0,0,0,0,0,-8,0,0,0,0,0,0,0,0,0,0,0,0,0,0,0,0,0,0,0,0,0,0,0,0,0,0,0,0,0,0,0,0,0,0,0,0,0,8]} 1. d4 Nf6 2. Bf4 g6 3. Nc3 d5 4. f3 (4. Qd2 Bg7 5. Bh6 O-O 6. Bxg7 Kxg7 7. e3 c5 8. dxc5 Nc6 9. Bb5 Qa5 10. Rb1 Rb8 11. Nge2 a6 12. Bxc6 bxc6 13. O-O Qxc5 {0-1 (28) Jobava,B (2698)-Salem,A (2630) Dubai 2019}) 4... Bg7 5. Qd2 O-O 6. O-O-O {A45: Trompowsky Attack} c5 7. dxc5 Nc6 8. Bh6 {[#]} ({Of course not} 8. Nxd5 Nxd5 9. Qxd5 Qa5 $15) (8. e3 $11 {remains equal.}) 8... Qa5 ({Black should play} 8... d4 $1 $17 {[%cal Rd4c3]} 9. Bxg7 Kxg7) 9. Bxg7 $1 $11 Kxg7 10. e3 $1 e5 $146 ({Predecessor:} 10... Qxc5 11. g4 Be6 12. Nge2 Rfd8 13. g5 {1-0 (66) Balint,V (2215)-Farago,S (2203) Budapest 2018}) 11. Kb1 Qxc5 12. g4 Be6 $36 {[%mdl 2048] Black is pushing.} 13. g5 Nh5 14. Nge2 Rfd8 15. Ng3 d4 16. Nxh5+ gxh5 17. Ne4 (17. exd4 $15 Rxd4 18. Bd3) 17... Qd5 (17... dxe3 $19 18. Nxc5 Rxd2 19. Rxd2 exd2) 18. b3 $17 dxe3 19. Qxd5 Bxd5 20. Re1 Nd4 (20... Bxe4 $17 21. fxe4 Rd2 22. Rxe3 Rd1+ 23. Kb2 Rad8) 21. Be2 (21. Rxe3 $15 Nxf3 22. Bd3 Bxe4 23. Bxe4 Nd2+ 24. Kc1) 21... Rac8 $19 22. c4 Bxe4+ 23. fxe4 Nxe2 24. Rxe2 Rd2 (24... Rd3 $17 25. Rhe1 Kg6 26. Rxe3 Rcd8) 25. Rxd2 $1 $15 exd2 {[%mdl 4096] Endgame KR-KR} 26. Kc2 Rd8 27. Rd1 Rd4 28. Rxd2 Rxe4 29. Rd7 ({Better is} 29. c5 $1 $15) 29... Re2+ $17 30. Kd3 Rxh2 31. Rxb7 Rxa2 32. c5 Ra1 (32... h4 $17 33. Re7 h3 34. Rxe5 Rg2) 33. Re7 $1 $15 Re1 {Threatens to win with ...h4.} 34. Rxa7 {The position is equal.} h4 35. Ra4 Rc1 36. b4 h3 37. Ra2 Kg6 38. Rh2 Kxg5 39. Rxh3 h5 40. Rh2 h4 {White must now prevent ...f5.} 41. Ke4 Kg4 {aiming for ...Kg3.} 42. Kxe5 Kg3 43. Rb2 h3 44. Kd6 h2 {[#]} 45. Rxh2 $1 {[%mdl 512]} Kxh2 $11 {KR-KPP} 46. b5 f5 {Hoping for ...f4.} 47. c6 {Strongly threatening b6.} f4 48. b6 {b7 is the strong threat.} f3 49. b7 f2 50. b8=Q f1=Q 51. Qh8+ Kg1 {( -> ...Qd3+)} 52. Qg7+ Qg2 53. Qxg2+ Kxg2 54. c7 Rxc7 55. Kxc7 {Accuracy: White = 67%, Black = 61%.} 1/2-1/2

[Event "WJCC U20 Girls 2019"]
[Site "New Delhi"]
[Date "2019.10.17"]
[Round "3.16"]
[White "Protopopova, Anastasiya"]
[Black "Potluri Supreetha"]
[Result "1-0"]
[WhiteElo "2263"]
[BlackElo "1767"]
[Annotator "ChessBase"]
[PlyCount "91"]
[EventDate "2019.10.15"]
[EventType "swiss"]
[EventCountry "IND"]
[SourceTitle "playchess.com"]
[Source "ChessBase"]
[SourceQuality "1"]
[TimeControl "40/5400+30:1800+30"]

1. d4 Nf6 2. c4 g6 3. Nc3 Bg7 4. e4 d6 5. Be2 O-O 6. Bg5 c5 7. d5 h6 8. Be3 e6 9. Qd2 exd5 10. exd5 Kh7 11. h4 Ng4 12. Bf4 Re8 13. Nh3 Bxc3 14. bxc3 Qe7 15. Kf1 Bf5 16. Re1 Nd7 17. f3 Ne3+ 18. Kf2 Nc2 19. Rc1 Qxe2+ 20. Qxe2 Rxe2+ 21. Kxe2 Bxh3 22. Rxc2 Bf5 23. Rd2 Nb6 24. g4 Bd7 25. Kd3 h5 26. Rg2 Re8 27. Bxd6 hxg4 28. fxg4 f5 29. Bxc5 fxg4 30. Bxb6 axb6 31. Re2 Bf5+ 32. Kd2 Rc8 33. Re7+ Kh6 34. Rxb7 Rxc4 35. Rb8 Rc5 36. Rd8 Be4 37. Rg1 Bxd5 38. Rxg4 Bxa2 39. Rd6 Bb1 40. Rxb6 Bf5 41. Rg5 Rd5+ 42. Kc1 Kh7 43. h5 Kh6 44. Rbxg6+ Bxg6 45. Rxd5 Bxh5 46. Rxh5+ {Kg5} 1-0

[Event "WJCC U20 Girls 2019"]
[Site "New Delhi"]
[Date "2019.10.17"]
[Round "3.17"]
[White "Diakonova, Ekaterina"]
[Black "Eesha Ajay Sarda"]
[Result "1/2-1/2"]
[WhiteElo "2231"]
[BlackElo "1744"]
[Annotator "TA"]
[PlyCount "98"]
[EventDate "2019.10.15"]
[EventType "swiss"]
[EventCountry "IND"]
[SourceTitle "playchess.com"]
[Source "ChessBase"]
[SourceQuality "1"]

{[%evp 26,98,33,25,39,-25,-15,-31,-18,-27,-52,-32,0,-9,6,-49,-24,-37,6,-47,0,0,0,0,0,-80,-82,-89,-77,-83,-91,-79,-81,-79,-81,-75,-78,-168,-167,-170,-167,-171,-176,-180,-193,-188,-191,-168,-190,-202,-185,-166,-12,-147,-156,-140,-11,-16,-16,-105,-83,-87,-75,-75,-76,-80,-81,-113,-108,-122,-121,-119,-109,-116,-73]} 1. e4 Nf6 2. e5 Nd5 3. c4 Nb6 4. d4 d6 5. exd6 cxd6 6. Nc3 g6 7. Be3 Bg7 8. Rc1 O-O 9. b3 e5 10. dxe5 dxe5 11. Qxd8 Rxd8 12. c5 N6d7 13. Bc4 Nc6 14. Nf3 Na5 {B03: Alekhine's Defence: Four Pawns Attack} (14... h6 15. Nb5 e4 16. Nd2 Nde5 17. Nxe4 Nb4 18. O-O Nxa2 19. Rcd1 Bg4 20. f3 Nxc4 21. bxc4 Bd7 22. Nc7 {1-0 (41) Nguyen,T (2441)-Moussard,J (2573) Karlsruhe 2017}) 15. Bd5 ({Better is} 15. Bb5 $14) 15... Nf6 $11 16. Bg5 Bf5 {Strongly threatening ...e4.Black is slightly better.} 17. Bxf6 Bxf6 18. O-O Nc6 $146 ({Predecessor:} 18... Rac8 19. Be4 Be6 20. b4 Nc6 21. a3 Bg7 22. Nb5 {1-0 (69) Bujisho,B (2385)-Santo Roman,M (2394) Belfort 2004}) 19. Rfd1 Rab8 20. h3 (20. Ne4 $11 Bxe4 21. Bxe4) 20... Nd4 21. b4 Rd7 22. b5 (22. g4 $11 Bc2 23. Re1) 22... Rc8 23. Nxd4 exd4 24. c6 $1 {[%cal Rc6d7]} bxc6 25. bxc6 {[#]} (25. Bxc6 $11 Rdd8 26. Nd5) 25... Rdd8 $1 $17 26. Ne4 {Hoping for c7.} Bg7 27. g4 Rxd5 28. gxf5 gxf5 29. Ng3 f4 $36 {[%mdl 2048] Keeping White busy.} 30. Ne4 f5 31. Ng5 {[#]} (31. Nd2 $17) 31... Rd6 $1 $19 {[%cal Rd6g6] White must now prevent ...Rg6.} 32. Nf3 Rcxc6 33. Rxc6 Rxc6 {[%mdl 4096] Endgame KRB-KRN} 34. Kf1 Kf7 35. Rd2 Rd6 36. Ke2 Bf6 37. Kd3 Ke6 38. Rc2 Kd7 $2 (38... Kd5 $19 {aiming for ...Ra6.} 39. Nd2 Ra6) 39. Rc4 (39. Rc5 $11 {was the only way to keep the balance.}) 39... Ra6 $17 {And now ...Ra3+ would win.} 40. a4 {[%cal Ba2a4,Ba4a5][%mdl 32]} Rd6 (40... Rb6 $17 {Threatens to win with ...Rb3+.} 41. Rc5 Rb3+ 42. Ke2 Rb2+ 43. Nd2 Be7 44. Rxf5 Bb4 45. Rd5+ Kc6 46. Rxd4 Kc5 47. Rc4+ Kd5 48. Rxf4 Rxd2+ 49. Ke3 Rb2) 41. Rc5 $11 Ke6 42. Nd2 (42. a5 $1 $11) 42... Ra6 {Black is better.} 43. a5 Be7 44. Nb3 Kf6 45. Rc7 h6 46. Rd7 Bb4 47. Rxd4 Bxa5 48. Nxa5 Rxa5 49. Rxf4 Kg5 {Accuracy: White = 43%, Black = 53%.} 1/2-1/2

[Event "WJCC U20 Girls 2019"]
[Site "New Delhi"]
[Date "2019.10.17"]
[Round "3.18"]
[White "Toshali, V."]
[Black "Kiolbasa, Oliwia"]
[Result "1-0"]
[WhiteElo "1868"]
[BlackElo "2223"]
[Annotator "ChessBase"]
[PlyCount "93"]
[EventDate "2019.10.15"]
[EventType "swiss"]
[EventCountry "IND"]
[SourceTitle "playchess.com"]
[Source "ChessBase"]
[SourceQuality "1"]
[TimeControl "40/5400+30:1800+30"]

1. d4 {[%emt 0:00:00]} Nf6 {[%emt 0:00:00]} 2. Nf3 {[%emt 0:00:00]} b6 {[%emt 0:00:00]} 3. Bf4 {[%emt 0:00:08]} Bb7 {[%emt 0:00:10]} 4. e3 {[%emt 0:00:10]} g6 {[%emt 0:00:36]} 5. c3 {[%emt 0:01:29]} Bg7 {[%emt 0:00:55]} 6. Bd3 {[%emt 0:01:00]} d6 {[%emt 0:00:34]} 7. O-O {[%emt 0:01:17]} O-O {[%emt 0:00:17]} 8. h3 {[%emt 0:00:57]} Nbd7 {[%emt 0:00:30]} 9. Nbd2 {[%emt 0:05:03]} c5 {[%emt 0:00:43]} 10. Qe2 {[%emt 0:07:56]} a6 {[%emt 0:09:22]} 11. a4 {[%emt 0:00:47]} Re8 {[%emt 0:01:40]} 12. e4 {[%emt 0:07:45]} e5 {[%emt 0:08:04]} 13. dxe5 {[%emt 0:01:46]} Nxe5 {[%emt 0:07:34]} 14. Nxe5 {[%emt 0:08:57]} dxe5 {[%emt 0:00:09]} 15. Bg5 {[%emt 0:00:31]} Qc7 {[%emt 0:00:55]} 16. Qe3 {[%emt 0:07:08]} Nh5 {[%emt 0:03:01]} 17. Bc4 {[%emt 0:04:38]} Nf4 {[%emt 0:09:30]} 18. Bxf4 {[%emt 0:03:35]} exf4 {[%emt 0:00:02]} 19. Qf3 {[%emt 0:00:24]} Rad8 {[%emt 0:03:24]} 20. Rad1 {[%emt 0:05:03]} Bc6 {[%emt 0:02:59]} 21. b3 {[%emt 0:04:42]} Qe5 {[%emt 0:12:32]} 22. Bxa6 {[%emt 0:21:29]} Rxd2 {[%emt 0:08:19]} 23. Rxd2 {[%emt 0:00:15]} Bxe4 {[%emt 0:00:08]} 24. Qd1 {[%emt 0:03:38]} f3 {[%emt 0:06:28]} 25. Rd8 {[%emt 0:01:45]} Rxd8 {[%emt 0:00:41]} 26. Qxd8+ {[%emt 0:00:07]} Bf8 {[%emt 0:00:06]} 27. Re1 {[%emt 0:03:02]} Qf4 {[%emt 0:10:56]} 28. g3 {[%emt 0:01:21]} Qf5 {[%emt 0:00:02]} 29. Bc8 {[%emt 0:01:57]} Qe5 {[%emt 0:00:13]} 30. Bg4 {[%emt 0:01:39]} f5 {[%emt 0:04:57]} 31. Bxf3 {[%emt 0:00:36]} Qxc3 {[%emt 0:00:07]} 32. Re3 {[%emt 0:00:28]} Qd4 {[%emt 0:04:27]} 33. Qxb6 {[%emt 0:02:06]} Bh6 {[%emt 0:02:41]} 34. Qe6+ {[%emt 0:02:19]} Kg7 {[%emt 0:00:01]} 35. Qe7+ {[%emt 0:01:02]} Kg8 {[%emt 0:00:16]} 36. Rxe4 {[%emt 0:00:31]} fxe4 {[%emt 0:00:24]} 37. Bg4 {[%emt 0:00:52]} Qg7 {[%emt 0:01:56]} 38. Qxe4 {[%emt 0:00:24]} Qf8 {[%emt 0:01:15]} 39. a5 {[%emt 0:00:41]} Bg7 {[%emt 0:00:22]} 40. Kg2 {[%emt 0:01:24]} Bd4 {[%emt 0:00:08]} 41. Bf3 {[%emt 0:30:10]} Qc8 {[%emt 0:31:36]} 42. Be2 {[%emt 0:00:00]} Qf8 {[%emt 0:00:00]} 43. Bc4+ {[%emt 0:00:00]} Kg7 {[%emt 0:00:00]} 44. Qf3 {[%emt 0:00:00]} Qe7 {[%emt 0:00:00]} 45. a6 {[%emt 0:00:00]} Qa7 {[%emt 0:00:00]} 46. Qd5 {[%emt 0:00:00]} Kf6 {[%emt 0:00:00]} 47. f4 {[%emt 0:00:00]} 1-0